| 000 | 00837cab a2200253 4500 | ||
|---|---|---|---|
| 001 | WB3425-38 | ||
| 008 | 090401t1998 xxu||||| |||| 00| 0 eng d | ||
| 035 | _a(Sirsi) u87102 | ||
| 041 | _aeng | ||
| 245 | 4 | _aThe `green` house | |
| 260 | _c1998 | ||
| 350 | _a0 | ||
| 490 |
_aIndependent _v29 June 1998, 9(1) |
||
| 520 | _aThe Bio-Regional Development Trust and the Peabody Trust are planning to turn a former sewage and industrial wasteland into the home of the ZED - the Beddington Zero Energy Development - which aims to be almost self-sustaining. | ||
| 650 | _aBIO-REGIONAL DEVELOPMENT TRUST | ||
| 650 | _aBROWNFIELD SITES | ||
| 650 | _aENERGY EFFICIENCY | ||
| 650 | _aGREEN HOUSING | ||
| 650 | _aPEABODY TRUST | ||
| 650 | _aSUSTAINABLE HOUSING | ||
| 690 | _aHOUSING-DEVELOPMENT | ||
| 942 | _n0 | ||
| 948 | _c30/06/1998 | ||
| 999 |
_c54892 _d54892 |
||